000
00368nam a2200145Ia 4500
008
230519s9999 xx 000 0 und d
020
_a
978-93-8600615-8
041
_a
eng
082
_a
CLE/DB0859
100
_a
Clement I
_9
119826
245
_a
Nurses Recruitment Guide Volume 1
260
_b
EMMESS
_a
Bangalore
_c
2021
300
_a
817p
999
_c
159472
_d
159472